Electronic Measurements and Instrumentation (Record no. 436)

MARC details
000 -LEADER
fixed length control field 00359nam a2200145Ia 4500
003 - CONTROL NUMBER IDENTIFIER
control field OSt
008 - FIXED-LENGTH DATA ELEMENTS--GENERAL INFORMATION
fixed length control field 191201s2005 xx 000 0 und d
082 ## - DEWEY DECIMAL CLASSIFICATION NUMBER
Classification number 621.37
Item number SIE
100 ## - MAIN ENTRY--PERSONAL NAME
Personal name SINHA, Umesh
245 #0 - TITLE STATEMENT
Title Electronic Measurements and Instrumentation
260 ## - PUBLICATION, DISTRIBUTION, ETC. (IMPRINT)
Place of publication, distribution, etc New Delhi
Name of publisher, distributor, etc Satya Prakashan
Date of publication, distribution, etc 2005
300 ## - PHYSICAL DESCRIPTION
Extent 364
650 ## - SUBJECT ADDED ENTRY--TOPICAL TERM
Topical term or geographic name as entry element B.Tech(ECE)
942 ## - ADDED ENTRY ELEMENTS (KOHA)
Source of classification or shelving scheme Dewey Decimal Classification
Koha item type Text Books
Holdings
Withdrawn status Lost status Source of classification or shelving scheme Damaged status Not for loan Collection code Home library Current library Date acquired Source of acquisition Bill Number Total Checkouts Full call number Acc. no. / Barcode Date last seen Bill Date Koha item type Public note
    Dewey Decimal Classification     B.Tech(ECE) PIET C-LIBRARY PIET C-LIBRARY 05/03/2017 Donated by Kishori Lal Jain Donated by Kishori Lal Jain   621.37 SIE 29374 04/12/2019 23/03/2017 Text Books Donated by Kishori Lal Jain

Design & Developed by: PIET Central Library
R70 Miles Stone Pattikalyana Samalkha Panipat 132102
mail ID :- [email protected], Phone No:- 0180-2569700 Ex.216